000 00307nam a22001457a 4500
003 SGT
020 _a9781633228900
082 _a741.5
_bPRE
100 _aPRESTON BLAIR
245 _aCARTOON ANIMATION
260 _aCHINA
_bWOTER PUB
_c2020
300 _a128
650 _aANIMATION
942 _2ddc
_cBK
999 _c34502
_d34502